|
|
|
|
| LEADER |
00000nam a2200000 a 4500 |
| 001 |
UCH8064 |
| 003 |
CL-VaPUC |
| 008 |
091127e19910000CL |||||||||||||||||spa|d |
| 082 |
0 |
4 |
|a 759.983
|b MIN
|2 21
|
| 110 |
2 |
|
|a Ministerio de educación de Chile
|e author
|9 544462
|
| 710 |
2 |
|
|a Ministerio de la cultura de Venezuela
|e author
|9 544463
|
| 245 |
1 |
0 |
|a Exposición Matta uni verso
|
| 300 |
|
|
|a 115 p
|
| 942 |
|
|
|c BK
|
| 945 |
|
|
|d 20091127 00:00:00
|a ccalabra
|
| 260 |
|
|
|a Santiago
|b Enersis
|c 1991
|
| 500 |
|
|
|a Obra publicada para la exposición en el Museo Nacional de Bellas Artes de Santiago de Chile desde el 11 de noviembre al 30 de diciembre de 1991
|
| 500 |
|
|
|a Obra publicada para la exposición en el Museo de Bellas Artes de Caracas, Venezuela desde el 16 de febrero al 19 de abril de 1992
|
| 650 |
|
0 |
|a Artes
|9 268202
|
| 650 |
|
0 |
|a Artes plásticas
|9 268637
|
| 650 |
|
0 |
|a Pintura chilena
|9 266171
|
| 650 |
|
0 |
|a Pintores chilenos
|9 345328
|
| 650 |
|
7 |
|a EXPOSICIONES CULTURALES
|2 CL-VaPUC
|9 544464
|
| 651 |
|
7 |
|a CHILE
|2 CL-VaPUC
|9 544465
|
| 651 |
|
0 |
|a Venezuela
|9 254993
|
| 583 |
|
|
|a last modification
|c 20091127 00:00:00
|k Rodrigo Vera
|
| 999 |
|
|
|c 338319
|d 338317
|